000 00613nam a22001937a 4500
005 20180719103542.0
010 _aENG-123549
020 _a9789352807017
_c425.00
035 _aEN-107081
037 _bDBAD/PUB
082 _a158
100 _aBanerjee, Padmakali
245 _aThe power of positivity :
_cby Padmakali Banerjee
_boptimism and the 7th sense /
250 _a2nd edn.
260 _aNew Delhi
_bSAGE Publications,
_c2018
270 _aB1/I-1 Mohan Cooperative Industrial Area, Mathura Road
_bNew Delhi
_e110044
300 _axv, 212p.
_c21cm(pbk).
942 _2ddc
_cEN
_h158
_mBAN
999 _c154341
_d154341